[Event "Dortmund Sparkassen op-B"]
[Site "Dortmund"]
[Date "2012.07.19"]
[Round "6"]
[White "Eckert, Jasmin"]
[Black "Nissen, Arne"]
[Result "1-0"]
[WhiteElo "1449"]
[BlackElo "1976"]
[PlyCount "27"]
[EventDate "2012.07.14"]
[EventType "swiss"]
[EventRounds "9"]
[EventCountry "GER"]
[SourceTitle "EXT 2014"]
[Source "ChessBase"]
[SourceDate "2013.11.20"]
[SourceVersion "1"]
[SourceVersionDate "2013.11.20"]
[SourceQuality "1"]

1. e4 c5 2. Nf3 Nc6 3. d4 cxd4 4. Nxd4 e5 5. Nf3 d6 6. Bc4 a6 7. Ng5 f6 8. Nf7 Qa5+ 9. Nc3 b5 10. Bd5 Nge7 11. Nxh8 Nxd5 12. Qxd5 Bb7 13. Qf7+ Kd8 14. Qxf8+ 1-0

[Event "Dortmund Sparkassen op-B"]
[Site "Dortmund"]
[Date "2012.07.16"]
[Round "3"]
[White "Ziemek, Gerhard"]
[Black "Eckert, Jasmin"]
[Result "1-0"]
[WhiteElo "1661"]
[BlackElo "1449"]
[PlyCount "85"]
[EventDate "2012.07.14"]
[EventType "swiss"]
[EventRounds "9"]
[EventCountry "GER"]
[SourceTitle "EXT 2014"]
[Source "ChessBase"]
[SourceDate "2013.11.20"]
[SourceVersion "1"]
[SourceVersionDate "2013.11.20"]
[SourceQuality "1"]

1. d4 d5 2. Nc3 Nf6 3. Bg5 Nbd7 4. e3 g6 5. Bd3 Bg7 6. Nf3 b6 7. 0-0 0-0 8. Qe2 a6 9. e4 dxe4 10. Nxe4 Bb7 11. c4 Bxe4 12. Bxe4 Nxe4 13. Qxe4 Nf6 14. Qe2 Qd6 15. Rad1 Rfe8 16. b3 e6 17. Bh4 c5 18. Bg3 Qe7 19. dxc5 Qxc5 20. Bd6 Qf5 21. Qe3 Qa5 22. a3 Ng4 23. Qf4 h5 24. h3 Bh6 25. Qg3 Nf6 26. Rfe1 Qc3 27. Be5 Qxb3 28. Bxf6 Qxc4 29. Ne5 Qf4 30. Qxf4 Bxf4 31. Nd7 b5 32. Re4 Bh6 33. Rd6 Bf8 34. Rd3 Rac8 35. Nxf8 Kxf8 36. Rd6 Rc1+ 37. Kh2 Ra8 38. Red4 Rcc8 39. Rd7 Ke8 40. Re7+ Kf8 41. Rdd7 a5 42. Rxf7+ Kg8 43. Rh7 1-0

[Event "Dortmund Sparkassen op-B"]
[Site "Dortmund"]
[Date "2011.07.30"]
[Round "8"]
[White "Eckert, Jasmin"]
[Black "Sohraby, Darjusch"]
[Result "1/2-1/2"]
[WhiteElo "1308"]
[BlackElo "925"]
[PlyCount "52"]
[EventDate "2011.07.23"]
[EventType "swiss"]
[EventRounds "9"]
[EventCountry "GER"]
[SourceTitle "EXT 2013"]
[Source "ChessBase"]
[SourceDate "2012.11.22"]
[SourceVersion "1"]
[SourceVersionDate "2012.11.22"]
[SourceQuality "1"]

1. e4 e5 2. Nf3 Nc6 3. Bc4 Bc5 4. Nc3 Nf6 5. d3 d6 6. h3 0-0 7. Be3 Re8 8. 0-0 Nd4 9. Bxd4 exd4 10. Ne2 Be6 11. Bb3 Bxb3 12. axb3 d5 13. exd5 Qxd5 14. Qd2 Qd6 15. c3 Qe6 16. Nexd4 Bxd4 17. Nxd4 Qd6 18. Rfe1 Rxe1+ 19. Rxe1 Rd8 20. b4 Nd5 21. Qe2 g6 22. Qe5 Qxe5 23. Rxe5 c6 24. Kf1 Kf8 25. g3 Nxb4 26. Ke2 Nd5 1/2-1/2

[Event "Dortmund Sparkassen op-B"]
[Site "Dortmund"]
[Date "2011.07.26"]
[Round "4"]
[White "Eckert, Jasmin"]
[Black "Kartsev, Nikolaj"]
[Result "1/2-1/2"]
[WhiteElo "1308"]
[BlackElo "1070"]
[PlyCount "70"]
[EventDate "2011.07.23"]
[EventType "swiss"]
[EventRounds "9"]
[EventCountry "GER"]
[SourceTitle "EXT 2013"]
[Source "ChessBase"]
[SourceDate "2012.11.22"]
[SourceVersion "1"]
[SourceVersionDate "2012.11.22"]
[SourceQuality "1"]

1. e4 d5 2. exd5 Nf6 3. Nc3 Nxd5 4. Nxd5 Qxd5 5. Nf3 Nc6 6. Be2 Bg4 7. h3 Bxf3 8. Bxf3 Qe5+ 9. Qe2 Qxe2+ 10. Bxe2 Nd4 11. Bd3 e5 12. c3 Ne6 13. 0-0 0-0-0 14. Bf5 Rd6 15. Re1 f6 16. d4 g6 17. Bxe6+ Rxe6 18. dxe5 Rxe5 19. Rxe5 fxe5 20. Bg5 Bc5 21. b4 Bb6 22. a4 Rf8 23. Ra2 a5 24. Re2 axb4 25. cxb4 Rf5 26. Be3 Bd4 27. Bxd4 exd4 28. Rd2 Rd5 29. f4 d3 30. g3 Rd4 31. b5 Rxa4 32. Rxd3 Rb4 33. Rd5 c6 34. bxc6 bxc6 35. Rc5 Kd7 1/2-1/2

[Event "Dortmund Sparkassen op-B"]
[Site "Dortmund"]
[Date "2011.07.25"]
[Round "3"]
[White "Huber, Helmut"]
[Black "Eckert, Jasmin"]
[Result "1-0"]
[WhiteElo "1552"]
[BlackElo "1308"]
[PlyCount "53"]
[EventDate "2011.07.23"]
[EventType "swiss"]
[EventRounds "9"]
[EventCountry "GER"]
[SourceTitle "EXT 2013"]
[Source "ChessBase"]
[SourceDate "2012.11.22"]
[SourceVersion "1"]
[SourceVersionDate "2012.11.22"]
[SourceQuality "1"]

1. Nf3 Nc6 2. d4 d5 3. c4 e6 4. Nc3 Nf6 5. Bg5 Be7 6. e3 b6 7. cxd5 Nxd5 8. Bxe7 Ncxe7 9. Ne5 0-0 10. Bc4 f6 11. Nf3 Nxc3 12. bxc3 Qd6 13. Qb3 a6 14. a4 Bd7 15. 0-0 Kh8 16. e4 Ng6 17. Rfd1 Qe7 18. Bf1 e5 19. g3 exd4 20. cxd4 Qxe4 21. Bg2 Rad8 22. Ne5 Qe2 23. Nf7+ Rxf7 24. Qxf7 Qe8 25. Qc4 a5 26. Re1 Qg8 27. Qxc7 1-0

[Event "Dortmund op-B"]
[Site "Dortmund"]
[Date "2009.07.12"]
[Round "9"]
[White "Bakshi, Raj"]
[Black "Eckert, Jasmin"]
[Result "1-0"]
[WhiteElo "1846"]
[BlackElo "1314"]
[PlyCount "53"]
[EventDate "2009.07.04"]
[EventType "swiss"]
[EventRounds "9"]
[EventCountry "GER"]
[SourceTitle "EXT 2012"]
[Source "ChessBase"]
[SourceDate "2011.11.24"]
[SourceVersion "1"]
[SourceVersionDate "2011.11.24"]
[SourceQuality "1"]

1. Nf3 Nc6 2. d4 d5 3. c4 e6 4. Nc3 Nf6 5. Bg5 Be7 6. e3 a6 7. Rc1 h6 8. Bh4 0-0 9. Bd3 dxc4 10. Bxc4 b5 11. Bd3 Bb7 12. a3 Qd7 13. Bb1 g6 14. 0-0 Rab8 15. Qd2 Nd5 16. e4 Nxc3 17. Rxc3 Bxh4 18. Nxh4 Nxd4 19. Rd3 e5 20. f4 Qg4 21. Nf3 Nxf3+ 22. Rdxf3 exf4 23. Rxf4 Qe6 24. Rf6 Qe5 25. Qxh6 Qxb2 26. R6f4 Qxa3 27. Rh4 1-0

[Event "Dortmund op-B"]
[Site "Dortmund"]
[Date "2009.07.10"]
[Round "7"]
[White "Eckert, Jasmin"]
[Black "Hofer, Stefan"]
[Result "0-1"]
[WhiteElo "1314"]
[BlackElo "1572"]
[PlyCount "116"]
[EventDate "2009.07.04"]
[EventType "swiss"]
[EventRounds "9"]
[EventCountry "GER"]
[SourceTitle "EXT 2012"]
[Source "ChessBase"]
[SourceDate "2011.11.24"]
[SourceVersion "1"]
[SourceVersionDate "2011.11.24"]
[SourceQuality "1"]

1. e4 c5 2. Nf3 d6 3. d4 cxd4 4. Qxd4 Nc6 5. Bb5 Bd7 6. Qd3 Nf6 7. Be3 Nb4 8. Qc4 Nxc2+ 9. Qxc2 Bxb5 10. Nc3 Bc6 11. 0-0 e6 12. Rad1 Be7 13. h3 0-0 14. b4 a6 15. a3 Rc8 16. Qd3 Qc7 17. Bf4 Rfd8 18. Rfe1 Qb8 19. g4 e5 20. Bg3 Bd7 21. Nd5 Nxd5 22. Qxd5 Be6 23. Qd3 Rc6 24. Rc1 Rdc8 25. Qd2 Qc7 26. Rxc6 Qxc6 27. Qd1 f6 28. Re3 d5 29. exd5 Bxd5 30. Rd3 Be6 31. Ne1 Qc1 32. f3 Qxd1 33. Rxd1 Rc3 34. Rd3 Rc1 35. Kg2 Kf7 36. h4 f5 37. g5 e4 38. fxe4 fxe4 39. Rd4 Rc4 40. Rxc4 Bxc4 41. Nc2 Ke6 42. Ne3 Bd3 43. Kf2 g6 44. Ke1 Bd6 45. Bxd6 Kxd6 46. Ng4 Ke6 47. Nf6 Kf5 48. Nxh7 Kg4 49. Nf8 Kxh4 50. Nxg6+ Kxg5 51. Ne5 Kf4 52. Nxd3+ exd3 53. Kd2 Ke4 54. a4 b6 55. b5 a5 56. Kd1 Kd4 57. Kd2 Kc4 58. Kd1 Kb4 0-1

[Event "Dortmund op-B"]
[Site "Dortmund"]
[Date "2009.07.08"]
[Round "5"]
[White "Eckert, Jasmin"]
[Black "Strozyk, Jannig"]
[Result "1-0"]
[WhiteElo "1314"]
[BlackElo "1011"]
[PlyCount "173"]
[EventDate "2009.07.04"]
[EventType "swiss"]
[EventRounds "9"]
[EventCountry "GER"]
[SourceTitle "EXT 2012"]
[Source "ChessBase"]
[SourceDate "2011.11.24"]
[SourceVersion "1"]
[SourceVersionDate "2011.11.24"]
[SourceQuality "1"]

1. e4 e5 2. Bc4 Nf6 3. Nf3 Nc6 4. Nc3 Nxe4 5. Nxe4 d5 6. Bxd5 Qxd5 7. d3 f5 8. c4 Qd8 9. Nc3 Be7 10. 0-0 0-0 11. b3 Be6 12. a4 Qd7 13. Re1 Bf6 14. Ba3 Rfd8 15. Re3 f4 16. Re1 Qxd3 17. Nd5 e4 18. Nxf6+ gxf6 19. Qxd3 Rxd3 20. Rxe4 Ne5 21. Nxe5 fxe5 22. Rb1 Kf7 23. Rxe5 Bxc4 24. Re7+ Kf6 25. Rxc7 Rxb3 26. Bb2+ Kf5 27. Rxc4 Rd8 28. Rc5+ Kg4 29. Rc2 Kf5 30. f3 Rg8 31. Rc5+ Ke6 32. Re1+ Kd6 33. Rc2 Rxf3 34. Be5+ Kd5 35. Rd2+ Kc6 36. Rc1+ Kb6 37. Rd6+ Ka5 38. Rd4 Re3 39. Bxf4 Re6 40. Rc5+ Ka6 41. Bc7 b6 42. Re5 Rc6 43. Rd7 Rf8 44. h3 Rc8 45. Bd8 Rc1+ 46. Kh2 R1c4 47. a5 R4c5 48. Rxc5 bxc5 49. Rd1 c4 50. Bf6 Kxa5 51. Rc1 Kb5 52. Rc3 a5 53. Kg1 a4 54. Kf1 Rc6 55. Be5 a3 56. Rc1 c3 57. Rb1+ Kc4 58. Bxc3 Kd3 59. Ba1 a2 60. Rb3+ Kd2 61. Rb2+ Ke3 62. Re2+ Kf4 63. Rxa2 Rc1+ 64. Kf2 h5 65. Ra4+ Kg5 66. h4+ Kf5 67. Kf3 Rf1+ 68. Kg3 Rd1 69. Rf4+ Kg6 70. Rf6+ Kh7 71. Be5 Re1 72. Kf4 Rf1+ 73. Kg5 Rg1 74. g3 Rb1 75. Rf7+ Kg8 76. Kg6 Rb5 77. Rg7+ Kf8 78. Bd6+ Ke8 79. Kf6 Rb6 80. Re7+ Kf8 81. Rb7+ Ke8 82. Rxb6 Kd7 83. Be5 Kc8 84. Ke6 Kd8 85. Bf4 Kc8 86. Kd6 Kd8 87. Rb8# 1-0

[Event "Dortmund op-B"]
[Site "Dortmund"]
[Date "2009.07.06"]
[Round "3"]
[White "Eckert, Jasmin"]
[Black "Boeckmann, Lieselotte"]
[Result "1-0"]
[WhiteElo "1314"]
[BlackElo "972"]
[PlyCount "101"]
[EventDate "2009.07.04"]
[EventType "swiss"]
[EventRounds "9"]
[EventCountry "GER"]
[SourceTitle "EXT 2012"]
[Source "ChessBase"]
[SourceDate "2011.11.24"]
[SourceVersion "1"]
[SourceVersionDate "2011.11.24"]
[SourceQuality "1"]

1. e4 e5 2. Nf3 Nf6 3. Nc3 Bc5 4. Nxe5 0-0 5. d4 Bb4 6. Bg5 d6 7. Nf3 Re8 8. Bxf6 Qxf6 9. Qd3 Bxc3+ 10. bxc3 c5 11. Be2 b6 12. 0-0 Qg6 13. Nd2 Bh3 14. Qxh3 Nd7 15. Qxd7 Rad8 16. Qxa7 d5 17. Bf3 Ra8 18. Qd7 Rad8 19. Qb5 cxd4 20. cxd4 Qd6 21. exd5 Qe7 22. Nc4 h6 23. Qxb6 Rb8 24. Qd6 Qa7 25. Qc5 Qa4 26. Bd1 Rbc8 27. Nb6 Rxc5 28. Nxa4 Rxd5 29. c3 Kh8 30. h3 h5 31. g3 Rg5 32. c4 h4 33. g4 f5 34. f3 Re3 35. Kg2 Rd3 36. Nc5 Rd2+ 37. Rf2 Rxd4 38. Ne6 Rxd1 39. Rxd1 Rg6 40. Rd8+ Kh7 41. Nf8+ Kh6 42. Nxg6 Kxg6 43. Rd6+ Kh7 44. gxf5 Kg8 45. Kh2 Kf7 46. Rg2 Kf8 47. Rgg6 Kg8 48. Rd7 Kh7 49. Rgxg7+ Kh6 50. f4 Kh5 51. Rh7# 1-0